<?xml version="1.0" encoding="UTF-8"?>
<record
    xmlns:xsi="http://www.w3.org/2001/XMLSchema-instance"
    xsi:schemaLocation="http://www.loc.gov/MARC21/slim http://www.loc.gov/standards/marcxml/schema/MARC21slim.xsd"
    xmlns="http://www.loc.gov/MARC21/slim">

  <leader>00391    a2200145   4500</leader>
  <datafield tag="999" ind1=" " ind2=" ">
    <subfield code="c">317</subfield>
    <subfield code="d">317</subfield>
  </datafield>
  <controlfield tag="008">220317b           ||||| |||| 00| 0 eng d</controlfield>
  <datafield tag="020" ind1=" " ind2=" ">
    <subfield code="a">9781908833624</subfield>
  </datafield>
  <datafield tag="082" ind1="0" ind2="0">
    <subfield code="a">368.22</subfield>
    <subfield code="b">I17</subfield>
  </datafield>
  <datafield tag="100" ind1=" " ind2=" ">
    <subfield code="a">Adams, Chris</subfield>
  </datafield>
  <datafield tag="245" ind1=" " ind2=" ">
    <subfield code="a">Marine insurance /</subfield>
  </datafield>
  <datafield tag="260" ind1=" " ind2=" ">
    <subfield code="a">London:</subfield>
    <subfield code="b">Institute of Chartered Shipbrokers,</subfield>
    <subfield code="c">2015.</subfield>
  </datafield>
  <datafield tag="300" ind1=" " ind2=" ">
    <subfield code="a">ix, 290 p.</subfield>
  </datafield>
  <datafield tag="650" ind1=" " ind2="0">
    <subfield code="a">Marine Insurance</subfield>
  </datafield>
  <datafield tag="942" ind1=" " ind2=" ">
    <subfield code="2">ddc</subfield>
    <subfield code="c">BK</subfield>
  </datafield>
  <datafield tag="952" ind1=" " ind2=" ">
    <subfield code="0">0</subfield>
    <subfield code="1">0</subfield>
    <subfield code="2">ddc</subfield>
    <subfield code="4">0</subfield>
    <subfield code="6">368_220000000000000_I17</subfield>
    <subfield code="7">0</subfield>
    <subfield code="9">1241</subfield>
    <subfield code="a">CL</subfield>
    <subfield code="b">CL</subfield>
    <subfield code="d">2017-03-23</subfield>
    <subfield code="e">Sterling Book House</subfield>
    <subfield code="g">6541.96</subfield>
    <subfield code="o">368.22 I17</subfield>
    <subfield code="p">12164</subfield>
    <subfield code="r">2019-09-26</subfield>
    <subfield code="v">7268.85</subfield>
    <subfield code="y">BK</subfield>
  </datafield>
  <datafield tag="952" ind1=" " ind2=" ">
    <subfield code="0">0</subfield>
    <subfield code="1">0</subfield>
    <subfield code="2">ddc</subfield>
    <subfield code="4">0</subfield>
    <subfield code="6">368_220000000000000_I17</subfield>
    <subfield code="7">0</subfield>
    <subfield code="9">1242</subfield>
    <subfield code="a">CL</subfield>
    <subfield code="b">CL</subfield>
    <subfield code="d">2017-03-23</subfield>
    <subfield code="e">Sterling Book House</subfield>
    <subfield code="g">6541.96</subfield>
    <subfield code="o">368.22 I17</subfield>
    <subfield code="p">12165</subfield>
    <subfield code="r">2019-09-26</subfield>
    <subfield code="v">7268.85</subfield>
    <subfield code="y">BK</subfield>
  </datafield>
  <datafield tag="952" ind1=" " ind2=" ">
    <subfield code="0">0</subfield>
    <subfield code="1">0</subfield>
    <subfield code="2">ddc</subfield>
    <subfield code="4">0</subfield>
    <subfield code="6">368_220000000000000_I17</subfield>
    <subfield code="7">0</subfield>
    <subfield code="9">1243</subfield>
    <subfield code="a">CL</subfield>
    <subfield code="b">CL</subfield>
    <subfield code="d">2017-03-23</subfield>
    <subfield code="e">Sterling Book House</subfield>
    <subfield code="g">6541.96</subfield>
    <subfield code="l">1</subfield>
    <subfield code="o">368.22 I17</subfield>
    <subfield code="p">12166</subfield>
    <subfield code="r">2025-05-21</subfield>
    <subfield code="s">2023-01-27</subfield>
    <subfield code="v">7268.85</subfield>
    <subfield code="y">BK</subfield>
  </datafield>
  <datafield tag="952" ind1=" " ind2=" ">
    <subfield code="0">0</subfield>
    <subfield code="1">0</subfield>
    <subfield code="2">ddc</subfield>
    <subfield code="4">0</subfield>
    <subfield code="6">368_220000000000000_I17</subfield>
    <subfield code="7">0</subfield>
    <subfield code="9">1244</subfield>
    <subfield code="a">CL</subfield>
    <subfield code="b">CL</subfield>
    <subfield code="d">2017-03-23</subfield>
    <subfield code="e">Sterling Book House</subfield>
    <subfield code="g">6541.96</subfield>
    <subfield code="o">368.22 I17</subfield>
    <subfield code="p">12167</subfield>
    <subfield code="r">2019-09-26</subfield>
    <subfield code="v">7268.85</subfield>
    <subfield code="y">BK</subfield>
  </datafield>
  <datafield tag="952" ind1=" " ind2=" ">
    <subfield code="0">0</subfield>
    <subfield code="1">0</subfield>
    <subfield code="2">ddc</subfield>
    <subfield code="4">0</subfield>
    <subfield code="6">368_220000000000000_I17</subfield>
    <subfield code="7">0</subfield>
    <subfield code="9">1245</subfield>
    <subfield code="a">CL</subfield>
    <subfield code="b">CL</subfield>
    <subfield code="d">2017-03-23</subfield>
    <subfield code="e">Sterling Book House</subfield>
    <subfield code="g">6541.96</subfield>
    <subfield code="l">1</subfield>
    <subfield code="o">368.22 I17</subfield>
    <subfield code="p">12168</subfield>
    <subfield code="r">2025-06-02</subfield>
    <subfield code="s">2025-05-26</subfield>
    <subfield code="v">7268.85</subfield>
    <subfield code="y">BK</subfield>
  </datafield>
</record>
